Detalles MARC
| 000 -LÍDER |
| Campo fijo de descripción fija |
02644cam a2200421 i 4500 |
| 001 - NÚMERO DE CONTROL |
| Campo de control |
768714001 |
| 003 - IDENTIFICADOR DEL NÚMERO DE CONTROL |
| Campo de control |
CO-MdFUSB |
| 005 - FECHA Y HORA DE LA ULTIMA TRANSACCIÓN |
| control field |
20200731101335.0 |
| 007 - CAMPO FIJO DE DESCRIPCIÓN FIJA--INFORMACIÓN GENERAL |
| Campo fijo de descripción fija |
ta |
| 008 - ELEMENTOS DE LONGITUD FIJA -- INFORMACIÓN GENERAL |
| Campo fijo de descripción fija -- Información general |
061018t2007 ne b 001 0 eng |
| 010 ## - NÚMERO DE CONTROL DE LA BIBLIOTECA DEL CONGRESO |
| Número de control LC |
2006051754 |
| 020 ## - NÚMERO INTERNACIONAL NORMALIZADO PARA LIBROS |
| Número Internacional Normalizado del libro |
9004154345 |
| Información adicional |
alkaline paper |
| 020 ## - NÚMERO INTERNACIONAL NORMALIZADO PARA LIBROS |
| Número Internacional Normalizado del libro |
9789004154346 |
| 040 ## - FUENTE DE CATALOGACIÓN |
| Agencia de catalogación original |
DLC |
| Idioma de catalogación |
eng |
| Agencia que realiza la transcripción |
CO-MdFUSB |
| Agencia que realiza la modificación |
BAKER |
| -- |
CO-MdFUSB |
| -- |
C#P |
| -- |
XII |
| -- |
OHX |
| -- |
YDXCP |
| -- |
BTCTA |
| -- |
OrLoB-B |
| Convenciones de la descripción |
rda |
| 041 ## - CÓDIGO DE IDIOMA |
| Código de idioma para texto/pista de sonido o título separado |
eng |
| 082 ## - NÚMERO DE CLASIFICACIÓN DECIMAL DEWEY |
| Número de la edición del Dewey |
23 |
| Número de clasificación |
224.106 |
| Clave de autor-Numero de item |
L411 |
| 100 1# - ASIENTO PRINCIPAL--NOMBRE PERSONAL |
| Nombre personal |
Lavik, Marta Høyland. |
| Término relacionador |
autor |
| 245 12 - TÍTULO |
| Título del Material |
A people tall and smooth-skinned : |
| Parte restante del título - Subtitulo |
the rhetoric of Isaiah 18 / |
| Mención de responsabilidad, etc. |
Marta Høyland Lavik. |
| 246 30 - FORMA VARIANTE DEL TITULO |
| Título propiamente dicho/forma breve del título |
Rhetoric of Isaiah 18. |
| 264 #1 - PRODUCCIÓN, PUBLICACIÓN, DISTRIBUCIÓN, MANUFACTURA, Y COPYRIGHT |
| Lugar de producción, publicación, distribución, manufactura |
Leiden ; |
| -- |
Boston : |
| Nombre del productor, publicador, distribuidor |
Brill, |
| Fecha de producción, publicación, distribución, manufactura, o copyright |
[2007] |
| 264 #4 - PRODUCCIÓN, PUBLICACIÓN, DISTRIBUCIÓN, MANUFACTURA, Y COPYRIGHT |
| Fecha de producción, publicación, distribución, manufactura, o copyright |
© 2007 |
| 300 ## - DESCRIPCIÓN FÍSICA |
| Extensión |
xvii, 274 ppáginas ; |
| Dimensiones |
25 cm. |
| 336 ## - TIPO DE CONTENIDO |
| Término de tipo de contenido |
texto |
| Código de tipo de contenido |
txt |
| Fuente |
rdacontent. |
| 337 ## - TIPO DE MEDIO |
| Nombre del tipo de medio |
sin mediación |
| Código del tipo de medio |
n |
| Fuente |
rdamedia. |
| 338 ## - TIPO DE SOPORTE |
| Nombre del tipo de soporte |
volumen |
| Código Tipo de soporte |
nc |
| Fuente |
rdacarrier. |
| 490 1# - MENCIÓN DE SERIE |
| Mención de serie |
Supplements to Vetus Testamentum, |
| 500 ## - NOTA GENERAL |
| Nota General |
Revised version of the author's thesis (doctoral)--Universitetet Oslo, 2004. |
| 504 ## - NOTA DE BIBLIOGRAFÍA, ETC. |
| Nota de bibliografía, etc |
Incluye referencias bibliográficas (páginas [239-256) |
| 505 ## - NOTA DE CONTENIDO |
| Nota de contenido con formato preestablecido |
Prefacio; abreviaturas; Capítulo uno: introducción; Capítulo dos: trofeo i: 18: 1-2; Capítulo tres: trofeo ii: 18: 3; Capítulo cuatro: trofeo iii: 18: 4; Capítulo cinco: trofeo iv: 18: 5; Capítulo seis: trofeo v: 18: 6; Capítulo siete: trofeo vi: 18: 7; Capítulo ocho: conclusión; bibliografía; índice de autores; índice de pasajes. |
| 520 1# - NOTA DE RESUMEN, ETC. |
| Nota de sumario, etc. |
"Este volumen ofrece un análisis del arte persuasivo de Isaías 18, es decir, cómo está diseñado Isa 18 para persuadir a un público antiguo. El análisis se lleva a cabo desde cuatro ángulos: el diseño textual, los motivos, la retórica del texto y finalmente , se muestra cómo las diversas estrofas dentro de cada estrofa de Isa 18 se relacionan entre sí. El presente análisis demuestra que Isa 18 es un ejemplo de retórica hebrea, y que el texto puede leerse como un todo coherente, aunque la mayoría de Los estudiosos que analizan Isa 18 han encontrado este capítulo confuso. En este volumen, se argumenta que Isa 18 tiene una forma confusa para hacer que la audiencia crea que alguien más es juzgado (los cusitas, 18: 1-2.7), y no ellos mismos ". "Este volumen arroja nueva luz sobre la comprensión de un texto antiguo, y el volumen es importante para los exégetas interesados en el arte persuasivo de Isa 18". |
| 563 ## - NOTA DE ENCUADERNACIÓN |
| Nota de encuadernación |
Rústico |
| 630 07 - TITULO UNIFORME |
| Título uniforme |
Biblia |
| Nombre de parte o sección de la obra |
Isaías |
| 830 #0 - PUNTO DE ACCESO ADICIONAL DE SERIE - TÍTULO UNIFORME |
| Título uniforme |
Supplements to Vetus Testamentum ; |
| Designación de volumen o secuencia |
v. 112. |
| 942 ## - TIPO DE MATERIAL (KOHA) |
| Tipo de Item KOHA |
Libros General |
| 945 ## - INFORMACIÓN LOCAL DEL REGISTRO |
| Catalogador |
JTF-925 |